| 000 | 01165nam a2200349 i 4500 | ||
|---|---|---|---|
| 001 | 12017 | ||
| 003 | KOSZ 005 | ||
| 005 | 20200111115726.0 | ||
| 008 | 070822s1969 pl |000 0 pol | ||
| 015 | _aPB 1969/9940 | ||
| 040 |
_aWA N _cKOSZ 005/RW _dKOSZ 005/RW _dKOSZ 005/HR |
||
| 080 | _a308(540) | ||
| 080 | _a338.1(540) | ||
| 080 | _a32(540) | ||
| 100 | 1 |
_aWilanowski, Stefan. _eAutor |
|
| 245 | 1 | 0 |
_aIndie : _bspołeczeństwo, ekonomia, polityka / _cStefan Wilanowski. |
| 260 |
_a[Warszawa] : _bLudowa Spółdzielnia Wydawnicza, _c1969. |
||
| 300 |
_a357, [3] s. _c23 cm. |
||
| 380 | _aKsiążki. | ||
| 388 | _a1901- | ||
| 504 | _aBibliogr. s. 355-[358]. | ||
| 650 | 4 | _aSpołeczeństwo | |
| 651 | 4 | _aIndie | |
| 658 | _aSocjologia i społeczeństwo | ||
| 658 | _aGospodarka, ekonomia, finanse | ||
| 658 | _aPolityka, politologia, administracja publiczna | ||
| 650 | 4 | _aGospodarka | |
| 650 | 4 | _aPolityka | |
| 710 | 2 |
_aLudowa Spółdzielnia Wydawnicza _4pbl. |
|
| 856 |
_uhttp://koha.tu.koszalin.pl/cgi-bin/koha/opac-detail.pl?biblionumber=12017 _yKatalog online BPK |
||
| 942 |
_2UKD _cKS |
||
| 999 |
_c12017 _d12017 |
||